01231agaaa2200277 45000010005000000030009000050050017000140070009000310080040000400400023000800410013001031000054001161300042001702450154002122500022003662600122003883000022005105080044005325200082005765380016006585460013006746500075006877000066007627000062008287000063008907388IT-RoPAU20220918181256.0d cvaizq50131s9999||||xx ||| | || ||und|| aIT-RoPAUcIT-RoPAU aITALIANO aDe Angelis GiampaologCodice regista SPICS: 26359 aLORETO: LA CHIESA ITALIANA A CONVEGNO aLORETO: LA CHIESA ITALIANA A CONVEGNOcDiretto da: De Angelis GiampaolopLORETO: LA CHIESA ITALIANA A CONVEGNO (Rif. Codice opera principale : 37388) aEdizione Standard aROMA (ITALIA)bRAI - RADIO TELEVISIONE ITALIANA / Distribuzione: RAIg"1986 (1° ed.: 1986 ; Ed. Lingua Orig.: 1986)" aVHSbsonoro, col. aSoggetto: Pisarra Pietro -- Sidoti Vito aCONVEGNO DELLA CHIESA CATTOLICA ITALIANA SOTTO IL SEGNO DELLA RICONCILIAZIONE aPAL, STEREO aITALIANO aDOCUMENTARIOeTV-PROGRAMMI RELIGIOSI [VHS]xCodice MATERIA SPICS: 9963 aDe Angelis Giampaolo e(regista)gCodice regista SPICS: 26359 aPisarra Pietro e(soggetto)gCodice Soggetto SPICS: 22366 aSidoti Vito e(soggetto)gCodice Soggetto 2° SPICS: 17222